Online Catalogue and eLibrary

Another Cinema for Another Society (Record no. 1088)

MARC details
000 -LEADER
fixed length control field 00434nam a2200181Ia 4500
005 - DATE AND TIME OF LATEST TRANSACTION
control field 20250320040037.0
008 - FIXED-LENGTH DATA ELEMENTS--GENERAL INFORMATION
fixed length control field 240331s9999 xx 000 0 und d
020 ## - INTERNATIONAL STANDARD BOOK NUMBER
ISBN 0861320751
082 ## - DDC Classification
Class No. 302.2
Item Number - Author Mark ROB
DDC Edition Number 559
100 ## - MAIN ENTRY--PERSONAL NAME
Personal name Roberge, G
245 #0 - TITLE STATEMENT
Title Another Cinema for Another Society
260 ## - PUBLICATION, DISTRIBUTION, ETC.
Place of publication, distribution, etc. Calcutta,
Name of publisher, distributor, etc. Seagull Books
Date of publication, distribution, etc. 1985
300 ## - PHYSICAL DESCRIPTION
Extent (e.g. Volumes, Pages etc.) viii, 151 p.,
650 ## - SUBJECT ADDED ENTRY--TOPICAL TERM
Topical term or geographic name entry element Media
650 ## - SUBJECT ADDED ENTRY--TOPICAL TERM
Topical term or geographic name entry element Film
650 ## - SUBJECT ADDED ENTRY--TOPICAL TERM
Topical term or geographic name entry element Culture
942 ## - Koha item type (Biblio)
Koha item type Books in Stacks (Lending)
Holdings
Lost status Damaged status Collection code Home library Current library Shelving location Date acquired Full call number Accession Number Item type
    Lending WERC Library WERC Library Social Science Cupboard 03/31/2024 302.2 ROB 559 Books in Stacks (Lending)

© WERC Library